000 00339 a2200109 4500
001 ART_7962
005 20260410161638.0
008 260409a
245 1 0 _aAlgunas reflexiones sobre el impuesto al patrimonio
100 1 _aEdelstein, Andrés M.
773 0 _tConsultor tributario
_g- Vol. 2, Nº 18 (ago. 2008)
_wREV474
999 _c13105
_d13105